El caballero de la armadura oxidada /

Guardado en:
Autor Principal: Fisher, Robert
Formato: Libro
Publicado: Buenos Aires : Ediciones Obelisco, 2006.
Series:Nueva Consciencia
Materias:
Etiquetas: Agregar Etiqueta
Sin Etiquetas, Sea el primero en etiquetar este registro!
LEADER 00566nam a22001815a 4500
001 CEM.cems018700
008 130507s2006##################000#0#####d
005 20230517094021.0
245 1 0 |a El caballero de la armadura oxidada /  |c Roberto Fisher 
260 |a Buenos Aires :  |b Ediciones Obelisco,  |c 2006. 
300 |a 108p. ; 20cm. 
490 0 |a Nueva Consciencia 
020 |a 9788497775830 
100 1 |a Fisher, Robert 
082 0 4 |a 813.5 
600 1 4 |a Fisher, Robert 
653 |a Literatura juvenil / narrativa 
859 |a CEMS  |b BIB. CEMS - Agricultura  |h 813.5  |i F531-1  |p A3154.18  |t Ej.1